All NFL players with 10 or more scrimmage TDs in a season - Statistics

General Stats
  • This quiz has been taken 50 times
  • The average score is 74 of 110
Answer Stats
Position Player Years with 10+ TDs Personal Best (Team) % Correct
RB Aaron Jones '19 19 (Packers 2019)
100%
WR Calvin Johnson '10, '11, '13 16 (Lions 2011)
100%
RB Chris Johnson '10, '13 12 (Titans 2010)
100%
RB David Johnson '15, '16, '18 20 (Cardinals 2016)
100%
WR James Jones '12 14 (Packers 2012)
100%
WR Julio Jones '12 10 (Falcons 2012)
100%
WR Marvin Jones '13 10 (Bengals 2013)
100%
WR Stevie Johnson '10 10 (Bills 2010)
100%
RB Ezekiel Elliott '16, '19 16 (Cowboys 2016)
98%
RB Todd Gurley '15, '17, '18, '19 21 (Rams 2018)
98%
RB Alvin Kamara '17, '18 18 (Saints 2018)
95%
RB Christian McCaffrey '18, '19 19 (Panthers 2019)
95%
RB Derrick Henry '18, '19 18 (Titans 2019)
95%
WR Antonio Brown '14, '15, '16, '18 15 (Steelers 2018)
93%
RB Jamaal Charles '13, '14 19 (Chiefs 2013)
93%
RB LeSean McCoy '11, '13, '16 20 (Eagles 2011)
93%
RB Marshawn Lynch '11, '12, '13, '14 17 (Seahawks 2014)
93%
TE Rob Gronkowski '10, '11, '12, '14, '15 18 (Patriots 2011)
93%
WR Demaryius Thomas '12, '13, '14 14 (Broncos 2013)
89%
WR Dez Bryant '12, '13, '14 16 (Cowboys 2014)
89%
RB Jeremy Hill '15 12 (Bengals 2015)
89%
TE Jimmy Graham '11, '13, '14, '17 16 (Saints 2013)
89%
TE Julius Thomas '13, '14 12 (Broncos 2013, '14)
89%
RB LeVeon Bell '14, '17 11 (Steelers 2014, '17)
89%
WR Tyreek Hill '18 13 (Chiefs 2018)
89%
RB Adrian Peterson '10, '11, '12, '13, '15 13 (Vikings 2010, '11, '12)
86%
QB Cam Newton '11, '15 14 (Panthers 2011)
86%
RB DeAngelo WIlliams '15 11 (Steelers 2015)
86%
WR Devante Adams '16, '17, '18 13 (Packers 2018)
86%
RB James White '18 12 (Patriots 2018)
86%
WR Mike Williams '18 11 (Chargers 2018)
86%
WR Mike Williams '10 11 (Buccaneers 2010)
86%
WR Roddy White '10 10 (Falcons 2010)
86%
RB Saquon Barkley '18 15 (Giants 2018)
86%
WR Jordy Nelson '11, '14, '16 15 (Packers 2011)
84%
RB Mark Ingram '16, '17, 19 15 (Ravens 2019)
84%
RB Dalvin Cook '19 13 (Vikings 2019)
82%
RB DeMarco Murray '13, '14, '16 13 (Cowboys 2014)
82%
RB Latavius Murray '16 12 (Raiders 2016)
82%
WR Torrey Smith '14 11 (Ravens 2014)
82%
RB Arian Foster '10, '11, '12, '14 18 (Texans 2010)
80%
WR Brandon Marshall '12, '13, '15 14 (Jets 2015)
80%
RB Davonta Freeman '15, '16 14 (Falcons 2015)
80%
WR DeAndre Hopkins '15, '17, '18 13 (Texans 2017)
80%
WR Odell Beckham '14, '15, '16 13 (Giants 2015)
80%
WR A.J. Green '12, '13, '15 11 (Bengals 2012, '13)
77%
RB Kareem Hunt '17, '18 14 (Chiefs 2018)
77%
RB Melvin Gordon '16, '17, '18 14 (Chargers 2018)
77%
RB Ray Rice '11, '12 15 (Ravens 2011)
77%
TE Vernon Davis '13 13 (49ers 2013)
77%
RB Fred Jackson '13 10 (Bills 2013)
75%
RB Legarrette Blount '16 18 (Patriots 2016)
75%
TE Travis Kelce '18 10 (Chiefs 2018)
73%
TE Antonio Gates '10, '14 12 (Chargers 2014)
70%
RB Eddie Lacy '13, '14 13 (Packers 2014)
70%
WR Cooper Kupp '19 10 (Rams 2019)
68%
WR Doug Baldwin '15 14 (Seahawks 2015)
68%
WR Mike Evans '14, '16 12 (Buccaneers 2014, '16)
68%
WR Allen Robinson '15 14 (Jaguars 2015)
66%
TE Eric Ebron '18 14 (Colts 2018)
66%
RB James Conner '18 13 (Steelers 2018)
66%
WR Larry Fitzgerald '13 10 (Cardinals 2013)
66%
WR Laurent Robinson '11 11 (Cowboys 2011
66%
TE Marcedes Lewis '10 10 (Jaguars 2010)
66%
TE Mark Andrews '19 10 (Ravens 2019)
66%
RB Matt Forte '13, '14 12 (Bears 2013)
66%
WR Victor Cruz '12 10 (Giants 2012)
66%
RB C.J. Anderson '14 10 (Broncos 2014)
64%
RB Leonard Fournette '17 11 (Jaguars 2017)
64%
WR Calvin Ridley '18 10 (Falcons 2018)
61%
RB Stevan Ridley '12 12 (Patriots 2012)
61%
RB Austin Ekeler '19 11 (Chargers 2019)
59%
RB Maurice Jones-Drew '11 11 (Jaguars 2011)
59%
RB Michael Turner '10, '11, '12 12 (Falcons 2010)
59%
WR Randall Cobb '14 12 (Packers 2014)
59%
RB Alfred Morris '12 14 (Redskins 2012)
57%
RB Doug Martin '12 12 (Buccaneers 2012)
57%
RB Nick Chubb '18 10 (Browns 2018)
57%
WR Marques Colston '12 10 (Saints 2012)
55%
RB Phillip Lindsay '18 10 (Broncos 2018)
55%
WR Dwayne Bowe '10 15 (Chiefs 2010)
52%
WR Kenny Golladay '19 11 (Lions 2019)
50%
RB Lamar Miller '15 10 (Texans 2015)
50%
WR Tyler Lockett '18 10 (Seahawks 2018)
50%
WR Wes Welker '13 10 (Broncos 2013)
50%
TE Tyler Eifert '15 13 (Bengals 2015)
48%
RB Peyton Hillis '10 13 (Browns 2010)
45%
RB Knowshon Moreno '13 13 (Broncos 2013)
43%
WR Alshon Jeffery '14 10 (Bears 2014)
41%
TE Jordan Reed '15 11 (Redskins 2015)
41%
RB Tevin Coleman '16 11 (Falcons 2016)
41%
WR Greg Jennings '10 12 (Packers 2010)
39%
RB Marlon Mack '18 10 (Colts 2018)
39%
RB Ahmad Bradshaw '11 11 (Giants 2011)
36%
WR Eric Decker '12, '13, '15 13 (Broncos 2012)
36%
RB Raheem Mostert '19 10 (49ers 2019)
36%
WR Allen Hurns '15 10 (Jaguars 2015)
34%
WR Jeremy Maclin '10, '14 10 (Eagles 2010, '14)
34%
RB Rashard Mendenhall '10 13 (Steelers 2010)
34%
WR Mike Wallace '10, '14 10 (Steelers 2010)
32%
RB Trent Richardson '12 12 (Browns 2012)
32%
WR Brandon Lloyd '10 11 (Broncos 2010)
27%
RB Darren McFadden '10 10 (Raiders 2010)
27%
WR Hakeem Nicks '10 11 (Giants 2010)
27%
RB Beanie Wells '11 10 (Cardinals 2011)
25%
RB BenJarvus Green-Ellis '10, '11 13 (Patriots 2010)
23%
WR Ted Ginn '15 10 (Panthers 2015)
23%
WR Jerricho Cotchery '13 10 (Steelers 2013)
11%
FB Mike Tolbert '10, '11 11 (Chargers 2010
9%
RB Matt Asiata '14 10 (Vikings 2014)
5%
No matching quizzes found
Score Distribution
Percent of People with Each Score
Percentile by Number Answered
Your Score History
You have not taken this quiz